00403nam a2200121Ia 4500008004100000245009400041260004500135260000900180300000800189500000900197650001300206856006200219170516s9999 xx 000 0 und d aPreparation and evaluation of sustained-release azithromycin tablets in vitro and in vivo bAsian Journal of Pharmaceutical Sciences c2014 a9:3 aJune xPharmacy uhttp://www.sciencedirect.com/science/journal/18180876/9/3